[Event "GBR-ch110 Major Open"]
[Site "Hull"]
[Date "2024.07.30"]
[Round "4.36"]
[White "Roul, Tushar"]
[Black "Zhu, Pengxiao"]
[Result "0-1"]
[WhiteElo "1783"]
[BlackElo "1969"]
[PlyCount "52"]
[EventDate "2024.07.27"]
[EventType "swiss"]
[EventRounds "9"]
[EventCountry "GBR"]
[SourceTitle "BritBase"]
[Source "John Saunders"]
[SourceDate "2025.02.20"]
[SourceVersion "1"]
[SourceVersionDate "2025.02.20"]
[SourceQuality "1"]

1. e4 e5 2. Nf3 Nc6 3. Bb5 a6 4. Ba4 Nf6 5. d3 b5 6. Bb3 Bc5 7. c3 d6 8. O-O h6 9. Nbd2 O-O 10. h3 Ne7 11. Re1 Ng6 12. Nf1 Bb6 13. Be3 c5 14. Ng3 Ne8 15. d4 Nc7 16. d5 Ne8 17. Bc2 Ne7 18. Nh4 Nxd5 19. Ng6 Nxe3 20. Rxe3 fxg6 21. Qd5+ Rf7 22. Qxa8 Rb7 23. Qxa6 Nc7 24. Qa3 Ra7 25. Qb3+ c4 26. Qb4 Bc5 0-1

[Event "GBR-ch110 Major Open"]
[Site "Hull"]
[Date "2024.07.30"]
[Round "4.37"]
[White "Mittal, Aditya"]
[Black "Patton, Zachary"]
[Result "1-0"]
[WhiteElo "1768"]
[BlackElo "1871"]
[PlyCount "49"]
[EventDate "2024.07.27"]
[EventType "swiss"]
[EventRounds "9"]
[EventCountry "GBR"]
[SourceTitle "BritBase"]
[Source "John Saunders"]
[SourceDate "2025.02.20"]
[SourceVersion "1"]
[SourceVersionDate "2025.02.20"]
[SourceQuality "1"]

1. e4 c5 2. c3 Nf6 3. e5 Nd5 4. Nf3 Nc6 5. Bc4 Nb6 6. Bb3 c4 7. Bc2 d5 8. exd6 Qxd6 9. O-O Bg4 10. d4 cxd3 11. Qxd3 Qxd3 12. Bxd3 Bxf3 13. gxf3 O-O-O 14. Be4 Rd6 15. a4 g6 16. f4 Bg7 17. Na3 f5 18. Bg2 a6 19. Be3 Na5 20. Bc5 Re6 21. b4 Nac4 22. Nxc4 Nxc4 23. Bd5 Re4 24. Bxe4 fxe4 25. Bd4 1-0

[Event "GBR-ch110 Major Open"]
[Site "Hull"]
[Date "2024.07.30"]
[Round "4.38"]
[White "Pattni, Kishan"]
[Black "Kirupakaran, Vishnu"]
[Result "0-1"]
[WhiteElo "1746"]
[BlackElo "1852"]
[PlyCount "88"]
[EventDate "2024.07.27"]
[EventType "swiss"]
[EventRounds "9"]
[EventCountry "GBR"]
[SourceTitle "BritBase"]
[Source "John Saunders"]
[SourceDate "2025.02.20"]
[SourceVersion "1"]
[SourceVersionDate "2025.02.20"]
[SourceQuality "1"]

1. d4 f5 2. h3 b6 3. g4 Bb7 4. Nf3 e6 5. gxf5 exf5 6. d5 Nf6 7. c4 Bc5 8. Nc3 Qe7 9. Nd4 Ne4 10. Be3 O-O 11. Qd3 Nd6 12. O-O-O Ba6 13. b3 Bb4 14. Bg2 Qf6 15. Kc2 Bb7 16. Ncb5 Na6 17. Nf3 Nxb5 18. cxb5 Ba3 19. Qd4 Nb4+ 20. Kb1 Bxd5 21. Qxf6 Be4+ 22. Rd3 Rxf6 23. Ne1 Bxg2 24. Nxg2 Nxd3 25. exd3 Bd6 26. Kc2 f4 27. Bd4 Re6 28. Kc3 Be5 29. a4 Rf8 30. f3 Bxd4+ 31. Kxd4 Re2 32. Rg1 Rf6 33. h4 Rg6 34. Nxf4 Rxg1 35. Nxe2 Rh1 36. Nc3 Rxh4+ 37. Ke5 Kf7 38. f4 Rh5+ 39. Ke4 Ke6 40. Ne2 d5+ 41. Kd4 Rh4 42. Ke3 Rh3+ 43. Kd2 Rh2 44. Ke3 Rxe2+ 0-1

[Event "GBR-ch110 Major Open"]
[Site "Hull"]
[Date "2024.07.30"]
[Round "4.39"]
[White "Sui, Yueyue"]
[Black "Vaidyanathan, Sathya"]
[Result "1/2-1/2"]
[WhiteElo "1749"]
[BlackElo "1844"]
[PlyCount "65"]
[EventDate "2024.07.27"]
[EventType "swiss"]
[EventRounds "9"]
[EventCountry "GBR"]
[SourceTitle "BritBase"]
[Source "John Saunders"]
[SourceDate "2025.02.20"]
[SourceVersion "1"]
[SourceVersionDate "2025.02.20"]
[SourceQuality "1"]

1. d4 d5 2. c4 e6 3. Nc3 Nf6 4. Bg5 Be7 5. e3 c6 6. Nf3 Nbd7 7. Be2 O-O 8. O-O h6 9. Bh4 Re8 10. Qc2 Nf8 11. e4 dxe4 12. Nxe4 Nxe4 13. Bxe7 Qxe7 14. Qxe4 Ng6 15. Bd3 f5 16. Qe3 e5 17. dxe5 Nxe5 18. Nxe5 Qxe5 19. Qxe5 Rxe5 20. Rfe1 Rxe1+ 21. Rxe1 Kf7 22. f4 Be6 23. b3 a5 24. a4 Rd8 25. Re3 Rd4 26. g3 g6 27. Kf2 Ke7 28. Ke2 Kd7 29. Re5 b6 30. h4 h5 31. Ke3 Rd6 32. Kd2 c5 33. Kc3 1/2-1/2

[Event "GBR-ch110 Major Open"]
[Site "Hull"]
[Date "2024.07.30"]
[Round "4.40"]
[White "Stephenson, David W"]
[Black "McLean, Rory R"]
[Result "1/2-1/2"]
[WhiteElo "1836"]
[BlackElo "1768"]
[PlyCount "89"]
[EventDate "2024.07.27"]
[EventType "swiss"]
[EventRounds "9"]
[EventCountry "GBR"]
[SourceTitle "BritBase"]
[Source "John Saunders"]
[SourceDate "2025.02.20"]
[SourceVersion "1"]
[SourceVersionDate "2025.02.20"]
[SourceQuality "1"]

1. e4 e6 2. d4 d5 3. e5 c5 4. c3 Nc6 5. Nf3 Bd7 6. Be2 Nge7 7. O-O Qb6 8. dxc5 Qxc5 9. b4 Qb6 10. Bd3 g6 11. a4 Bg7 12. Re1 O-O 13. Bf4 f6 14. exf6 Bxf6 15. a5 Qd8 16. Bd6 Rf7 17. Ra3 Nf5 18. Bc5 Qc7 19. g3 e5 20. Bxf5 Bxf5 21. Qxd5 Rd8 22. Qa2 Kg7 23. Be3 Rfd7 24. b5 Rd1 25. Nbd2 Rxe1+ 26. Nxe1 Ne7 27. Bxa7 Qd6 28. Be3 Nd5 29. Nf1 Bh3 30. c4 Nb4 31. c5 Qd1 32. Qa1 Qe2 33. Ng2 Rd1 34. Qxd1 Qxd1 35. a6 bxa6 36. bxa6 Qd5 37. Ne1 Nxa6 38. Rxa6 Qc4 39. Ra7+ Kg8 40. Ra8+ Kf7 41. Ng2 Be7 42. Ra7 Qd5 43. Ne1 Qd1 44. Ng2 Qf3 45. Ne1 1/2-1/2

[Event "GBR-ch110 Major Open"]
[Site "Hull"]
[Date "2024.07.30"]
[Round "4.41"]
[White "Rubeck, Jonathan"]
[Black "Li, Reya"]
[Result "1-0"]
[WhiteElo "1833"]
[BlackElo "1766"]
[PlyCount "71"]
[EventDate "2024.07.27"]
[EventType "swiss"]
[EventRounds "9"]
[EventCountry "GBR"]
[SourceTitle "BritBase"]
[Source "John Saunders"]
[SourceDate "2025.02.20"]
[SourceVersion "1"]
[SourceVersionDate "2025.02.20"]
[SourceQuality "1"]

1. e4 d5 2. exd5 Qxd5 3. Nc3 Qa5 4. d4 Nf6 5. Nf3 Bf5 6. Bc4 e6 7. O-O c6 8. Re1 Be7 9. Bd2 Qc7 10. Ne2 Nbd7 11. Ng3 Bg6 12. Bb3 h6 13. Qe2 O-O 14. c4 Rfe8 15. Rac1 Nh5 16. Nxh5 Bxh5 17. Qd3 Rad8 18. Qe3 Bf6 19. Bc3 Nf8 20. Ne5 Bg6 21. Nxg6 Nxg6 22. Qe4 e5 23. d5 c5 24. Ba4 Re7 25. g3 Qc8 26. b4 Bg5 27. Rcd1 f5 28. Qb1 b6 29. d6 Rf7 30. Bxe5 f4 31. d7 Rdxd7 32. Bxd7 Rxd7 33. Qxg6 Rf7 34. Bxg7 f3 35. Bf6+ Kf8 36. Rd8+ 1-0

[Event "GBR-ch110 Major Open"]
[Site "Hull"]
[Date "2024.07.30"]
[Round "4.42"]
[White "Walia, Michael Kanishk"]
[Black "Berkley, Stephen W"]
[Result "1-0"]
[WhiteElo "1682"]
[BlackElo "1830"]
[PlyCount "93"]
[EventDate "2024.07.27"]
[EventType "swiss"]
[EventRounds "9"]
[EventCountry "GBR"]
[SourceTitle "BritBase"]
[Source "John Saunders"]
[SourceDate "2025.02.20"]
[SourceVersion "1"]
[SourceVersionDate "2025.02.20"]
[SourceQuality "1"]

1. e4 e6 2. d4 d5 3. e5 c5 4. c3 Nc6 5. Nf3 Bd7 6. Bd3 cxd4 7. cxd4 Qb6 8. O-O Nxd4 9. Nxd4 Qxd4 10. Nc3 Qxe5 11. Re1 Qb8 12. Nxd5 Bd6 13. Qg4 Kf8 14. h3 Bc6 15. Nb4 Nf6 16. Nxc6 bxc6 17. Qf3 Qe8 18. b3 Bb4 19. Re2 Bc3 20. Ba3+ Kg8 21. Rc1 Nd5 22. Rec2 Bf6 23. Rxc6 h5 24. Ba6 Qd7 25. Bd3 g6 26. Be4 Kg7 27. Rd6 Qe7 28. Re1 Rad8 29. Bxd5 Rxd6 30. Bc4 Rhd8 31. Bxd6 Qxd6 32. a4 Qd2 33. Rf1 Qc3 34. Qb7 Rd6 35. Qxa7 Bd4 36. Qb7 Qg3 37. Qe4 Qc3 38. Qe2 e5 39. Qe4 f5 40. Qb7+ Kh6 41. Qf7 Qb4 42. a5 Bxf2+ 43. Rxf2 Rd1+ 44. Kh2 f4 45. h4 Rd8 46. Qf6 Qxa5 47. Bf7 1-0

[Event "GBR-ch110 Major Open"]
[Site "Hull"]
[Date "2024.07.30"]
[Round "4.43"]
[White "May, Paul"]
[Black "Parikh, Naavya"]
[Result "1-0"]
[WhiteElo "1827"]
[BlackElo "1711"]
[PlyCount "77"]
[EventDate "2024.07.27"]
[EventType "swiss"]
[EventRounds "9"]
[EventCountry "GBR"]
[SourceTitle "BritBase"]
[Source "John Saunders"]
[SourceDate "2025.02.20"]
[SourceVersion "1"]
[SourceVersionDate "2025.02.20"]
[SourceQuality "1"]

1. d4 d5 2. c4 c6 3. e3 Bf5 4. Nc3 e6 5. Nf3 Nf6 6. Be2 Nbd7 7. Bd2 Be7 8. cxd5 cxd5 9. O-O O-O 10. Qb3 Qb6 11. Qxb6 Nxb6 12. Ne5 Nfd7 13. Nxd7 Nxd7 14. Rfc1 Rac8 15. Na4 a6 16. Ba5 f6 17. a3 Bc2 18. Nc5 Nxc5 19. dxc5 Bb3 20. Bb6 Bd8 21. Rc3 Bxb6 22. Rxb3 Bxc5 23. Rxb7 Rb8 24. Rxb8 Rxb8 25. b4 Bd6 26. Rc1 a5 27. bxa5 Bxa3 28. Rc7 Ra8 29. a6 Bb2 30. f4 g5 31. g3 h6 32. a7 Ba3 33. Bb5 Bd6 34. Rb7 gxf4 35. gxf4 e5 36. fxe5 fxe5 37. Bc6 d4 38. exd4 exd4 39. Rd7 1-0

[Event "GBR-ch110 Major Open"]
[Site "Hull"]
[Date "2024.07.30"]
[Round "4.44"]
[White "Mize, Dylan"]
[Black "Van Uytvange, Jonas"]
[Result "1-0"]
[WhiteElo "1824"]
[BlackElo "1685"]
[PlyCount "53"]
[EventDate "2024.07.27"]
[EventType "swiss"]
[EventRounds "9"]
[EventCountry "GBR"]
[SourceTitle "BritBase"]
[Source "John Saunders"]
[SourceDate "2025.02.20"]
[SourceVersion "1"]
[SourceVersionDate "2025.02.20"]
[SourceQuality "1"]

1. Nf3 d5 2. d4 e6 3. e3 Nf6 4. Bd3 Nbd7 5. b3 c5 6. Bb2 Qc7 7. Nbd2 Bd6 8. O-O O-O 9. c4 dxc4 10. Nxc4 b6 11. Nxd6 Qxd6 12. dxc5 Qxc5 13. Rc1 Qe7 14. Nd4 Nd5 15. Qh5 N7f6 16. Qe5 Bb7 17. h3 Rac8 18. Nb5 Rxc1 19. Rxc1 Ba6 20. Ba3 Qd7 21. Bxf8 Bxb5 22. Bxb5 Qxb5 23. Rc8 Qd7 24. Ra8 Qb7 25. Rb8 Qd7 26. Bxg7+ Ne8 27. Qg5 1-0

[Event "GBR-ch110 Major Open"]
[Site "Hull"]
[Date "2024.07.30"]
[Round "4.45"]
[White "Jacobs, Simon"]
[Black "Waterfield, Mark B"]
[Result "0-1"]
[WhiteElo "1683"]
[BlackElo "1815"]
[PlyCount "120"]
[EventDate "2024.07.27"]
[EventType "swiss"]
[EventRounds "9"]
[EventCountry "GBR"]
[SourceTitle "BritBase"]
[Source "John Saunders"]
[SourceDate "2025.02.20"]
[SourceVersion "1"]
[SourceVersionDate "2025.02.20"]
[SourceQuality "1"]

1. e4 e6 2. d4 d5 3. Nd2 Nf6 4. e5 Nfd7 5. c3 c5 6. f4 Nc6 7. Ndf3 Be7 8. Bd3 O-O 9. Ne2 f6 10. O-O cxd4 11. cxd4 Qb6 12. Kh1 Rf7 13. g4 Nf8 14. a3 Na5 15. Bc2 Bd7 16. Ng3 Rc8 17. b3 Bd8 18. Rf2 a6 19. Rb1 Nc6 20. Be3 Na7 21. f5 Nb5 22. Ra1 Be7 23. g5 exf5 24. gxf6 gxf6 25. Bxf5 Nc3 26. Qg1 Kh8 27. Bxd7 Nxd7 28. Nf5 Qe6 29. Nh6 Rg7 30. Rg2 Bf8 31. Nh4 Rxg2 32. Qxg2 Bxh6 33. Bxh6 Rg8 34. Qd2 Ne4 35. Qf4 fxe5 36. dxe5 Qxe5 37. Qxe5+ Nxe5 38. Be3 Nc6 39. Rd1 Rd8 40. Nf3 Nc3 41. Rd3 Ne4 42. Kg2 Kg8 43. Kf1 Kf7 44. Ng5+ Nxg5 45. Bxg5 Rd7 46. Ke2 Ke6 47. Re3+ Kf5 48. Bh4 Nd4+ 49. Kd1 Kf4 50. Bf2 Nf5 51. Rd3 Ke4 52. Kd2 Rg7 53. Bg3 Nxg3 54. hxg3 d4 55. Ke2 Rf7 56. g4 Rd7 57. Rh3 Kf4 58. Kd3 Kxg4 59. Rh6 Kg5 60. Re6 h5 0-1

[Event "GBR-ch110 Major Open"]
[Site "Hull"]
[Date "2024.07.30"]
[Round "4.46"]
[White "Kumar, Arnav"]
[Black "Buffard, Julien"]
[Result "1-0"]
[WhiteElo "1803"]
[BlackElo "1665"]
[PlyCount "35"]
[EventDate "2024.07.27"]
[EventType "swiss"]
[EventRounds "9"]
[EventCountry "GBR"]
[SourceTitle "BritBase"]
[Source "John Saunders"]
[SourceDate "2025.02.20"]
[SourceVersion "1"]
[SourceVersionDate "2025.02.20"]
[SourceQuality "1"]

1. e4 c5 2. Nf3 e6 3. d4 cxd4 4. Nxd4 Nc6 5. Nc3 Qc7 6. Be3 a6 7. Qf3 Nf6 8. Qg3 Qxg3 9. hxg3 Ne5 10. f3 b5 11. g4 b4 12. Na4 d5 13. Nb6 Rb8 14. Nxc8 Rxc8 15. Bxa6 Rc7 16. Bf4 Nfd7 17. Bb5 Rc5 18. Bxe5 1-0

[Event "GBR-ch110 Major Open"]
[Site "Hull"]
[Date "2024.07.30"]
[Round "4.47"]
[White "Whittington, Reece W"]
[Black "Guarnieri, Federico"]
[Result "1-0"]
[WhiteElo "1793"]
[BlackElo "1572"]
[PlyCount "43"]
[EventDate "2024.07.27"]
[EventType "swiss"]
[EventRounds "9"]
[EventCountry "GBR"]
[SourceTitle "BritBase"]
[Source "John Saunders"]
[SourceDate "2025.02.20"]
[SourceVersion "1"]
[SourceVersionDate "2025.02.20"]
[SourceQuality "1"]

1. d4 d5 2. c4 e6 3. Nf3 Nf6 4. g3 c6 5. Bg2 Bd6 6. O-O O-O 7. Nc3 Nbd7 8. Re1 e5 9. cxd5 exd4 10. Nxd4 cxd5 11. Nxd5 Bc5 12. Nb3 Nxd5 13. Nxc5 N7b6 14. Nb3 Be6 15. Nd4 Qf6 16. Nxe6 fxe6 17. Rf1 Rfd8 18. Qb3 Rd7 19. e4 Ne7 20. Be3 Rad8 21. Bh3 Rd3 22. Qxe6+ 1-0

[Event "GBR-ch110 Major Open"]
[Site "Hull"]
[Date "2024.07.30"]
[Round "4.48"]
[White "Borissow, Alastair"]
[Black "Watkinson, Colin"]
[Result "0-1"]
[WhiteElo "1532"]
[BlackElo "1791"]
[PlyCount "82"]
[EventDate "2024.07.27"]
[EventType "swiss"]
[EventRounds "9"]
[EventCountry "GBR"]
[SourceTitle "BritBase"]
[Source "John Saunders"]
[SourceDate "2025.02.20"]
[SourceVersion "1"]
[SourceVersionDate "2025.02.20"]
[SourceQuality "1"]

1. e4 d5 2. exd5 Qxd5 3. Nc3 Qa5 4. Nf3 c6 5. Be2 Bg4 6. O-O e6 7. a3 Be7 8. d3 Nf6 9. Bd2 Qc7 10. Ne4 Nbd7 11. Nfg5 Bxe2 12. Qxe2 h6 13. Nf3 Nb6 14. c4 O-O 15. Rac1 Nbd7 16. b4 Rfd8 17. Bc3 Nxe4 18. Qxe4 Bf6 19. d4 Nb6 20. Ne5 Nd7 21. Rfd1 Bxe5 22. dxe5 Nf8 23. Qg4 Ng6 24. f4 Ne7 25. Rf1 Rd3 26. Rf3 Rad8 27. Rxd3 Rxd3 28. a4 Qd7 29. Kf1 Nf5 30. Ke1 Re3+ 31. Kf2 Rxc3 32. Rd1 Rc2+ 33. Ke1 Qe7 34. c5 Ne3 35. Qf3 Nxd1 36. Qxd1 Rxg2 37. Qf3 Qh4+ 38. Kf1 Ra2 39. Kg1 Qe1+ 40. Qf1 Qxf1+ 41. Kxf1 Rxa4 0-1

[Event "GBR-ch110 Major Open"]
[Site "Hull"]
[Date "2024.07.30"]
[Round "4.49"]
[White "Ewart, Thomas"]
[Black "Storey, Cameron"]
[Result "1/2-1/2"]
[WhiteElo "1550"]
[BlackElo "1860"]
[PlyCount "148"]
[EventDate "2024.07.27"]
[EventType "swiss"]
[EventRounds "9"]
[EventCountry "GBR"]
[SourceTitle "BritBase"]
[Source "John Saunders"]
[SourceDate "2025.02.20"]
[SourceVersion "1"]
[SourceVersionDate "2025.02.20"]
[SourceQuality "1"]

1. e4 g6 2. d4 Bg7 3. Nf3 d6 4. Bc4 Nc6 5. Be3 Nf6 6. Nc3 O-O 7. O-O Ng4 8. Re1 Nxe3 9. Rxe3 Bg4 10. Ne2 Bxf3 11. Rxf3 e5 12. d5 Ne7 13. Nc3 f5 14. Qe2 f4 15. Rh3 Qc8 16. Qf3 Kh8 17. Be2 Ng8 18. Qg4 Qd8 19. Qxg6 h6 20. Bg4 Rf6 21. Qh5 Ne7 22. Be6 Rg6 23. Bf5 Rf6 24. Be6 Ng6 25. Bf5 Qe8 26. Bxg6 Rxg6 27. Nb5 Qf7 28. Qf5 Rf6 29. Qh5 Qd7 30. Nc3 Rg8 31. g3 Bf8 32. Rh4 Rfg6 33. Qe2 Be7 34. Rh5 fxg3 35. hxg3 Bg5 36. Qf3 Rf6 37. Qh1 Qf7 38. Rh2 Kh7 39. Qg2 Rfg6 40. Kh1 Rf6 41. Kg1 h5 42. Rf1 Rh6 43. Ne2 c6 44. c4 cxd5 45. cxd5 Qd7 46. Qf3 Kg6 47. Qf5+ Qxf5 48. exf5+ Kxf5 49. f3 Be3+ 50. Kh1 Rc8 51. Nc3 Rhh8 52. Re1 Bc5 53. Re4 Rcg8 54. Kg2 a6 55. Reh4 Kg6 56. g4 Bd4 57. Ne4 Rd8 58. b3 Bc5 59. Rxh5 Rxh5 60. Rxh5 Ba3 61. Rf5 Rd7 62. Rf6+ Kg7 63. g5 Rc7 64. Nxd6 Bxd6 65. Rxd6 Rc2+ 66. Kg3 Rxa2 67. Rd7+ Kg6 68. Rxb7 Kxg5 69. d6 Rd2 70. Rb6 a5 71. Rb5 Kf6 72. Rxa5 Rxd6 73. b4 Rb6 74. b5 Kf5 1/2-1/2

[Event "GBR-ch110 Major Open"]
[Site "Hull"]
[Date "2024.07.30"]
[Round "4.50"]
[White "Srivastava, Siddhartha Shankar"]
[Black "Howorth, Jack"]
[Result "0-1"]
[WhiteElo "1595"]
[BlackElo "1830"]
[PlyCount "80"]
[EventDate "2024.07.27"]
[EventType "swiss"]
[EventRounds "9"]
[EventCountry "GBR"]
[SourceTitle "BritBase"]
[Source "John Saunders"]
[SourceDate "2025.02.20"]
[SourceVersion "1"]
[SourceVersionDate "2025.02.20"]
[SourceQuality "1"]

1. e4 c5 2. Nf3 d6 3. d4 cxd4 4. Nxd4 Nf6 5. Nc3 a6 6. Bc4 e6 7. Bb3 Be7 8. O-O O-O 9. f4 Qc7 10. Be3 b5 11. a3 Bb7 12. Bxe6 fxe6 13. Nxe6 Qc6 14. Nxf8 Kxf8 15. Qd2 Nxe4 16. Nxe4 Qxe4 17. Rae1 Qd5 18. Qf2 Nd7 19. Rd1 Qc6 20. Bd4 Bf6 21. Rd2 Re8 22. Rfd1 d5 23. c3 Qe6 24. Kf1 Bxd4 25. cxd4 Nf6 26. Rc2 Ne4 27. Qh4 Kg8 28. Re1 Qb6 29. Rd1 Bc8 30. Qh5 Nf6 31. Qg5 Qe6 32. Qg3 Ne4 33. Qh4 Qg6 34. Rdc1 Bg4 35. h3 Bf5 36. Rc6 Nd2+ 37. Kf2 Qf7 38. Rc7 Qe6 39. Kg3 Qe2 40. R7c6 Re3+ 0-1

[Event "GBR-ch110 Major Open"]
[Site "Hull"]
[Date "2024.07.30"]
[Round "4.51"]
[White "Cawston, M John"]
[Black "Sobolevski, Damien"]
[Result "1-0"]
[WhiteElo "1776"]
[BlackElo "1041"]
[PlyCount "123"]
[EventDate "2024.07.27"]
[EventType "swiss"]
[EventRounds "9"]
[EventCountry "GBR"]
[SourceTitle "BritBase"]
[Source "John Saunders"]
[SourceDate "2025.02.20"]
[SourceVersion "1"]
[SourceVersionDate "2025.02.20"]
[SourceQuality "1"]

1. d4 Nf6 2. c4 e6 3. Nc3 d5 4. Bg5 Be7 5. e3 c6 6. Nf3 O-O 7. Qc2 Nbd7 8. O-O-O h6 9. Bh4 c5 10. cxd5 Nxd5 11. Bxe7 Qxe7 12. Kb1 cxd4 13. exd4 Nxc3+ 14. Qxc3 a6 15. Bd3 b5 16. Bc2 Nf6 17. Ne5 a5 18. Qd3 b4 19. Ng4 g6 20. Nxh6+ Kg7 21. g4 Kxh6 22. g5+ Kg7 23. gxf6+ Qxf6 24. h4 e5 25. dxe5 Qxe5 26. h5 Bf5 27. Qd4 Bxc2+ 28. Kxc2 Qxd4 29. Rxd4 Rac8+ 30. Kb3 Rh8 31. Rdh4 gxh5 32. Rxh5 Rxh5 33. Rxh5 Ra8 34. Ka4 Rd8 35. Rf5 Rd2 36. Kb3 Rd3+ 37. Kc2 Rd4 38. Rxa5 Rf4 39. Rg5+ Kf6 40. Rg2 Ke5 41. Kd3 f5 42. Ke3 Rc4 43. f3 Rd4 44. Rg8 f4+ 45. Ke2 Rc4 46. Re8+ Kd4 47. Re4+ Kd5 48. Rxc4 Kxc4 49. Kd2 Kd4 50. a4 bxa3 51. bxa3 Kc4 52. a4 Kb4 53. Kd3 Kxa4 54. Ke4 Kb5 55. Kxf4 Kc6 56. Ke5 Kd7 57. Kf6 Ke8 58. Kg7 Ke7 59. f4 Ke6 60. Kg6 Ke7 61. f5 Kf8 62. Kf6 1-0

[Event "GBR-ch110 Major Open"]
[Site "Hull"]
[Date "2024.07.30"]
[Round "4.52"]
[White "Swiatkowski, Dominik"]
[Black "Chantrell, Paul"]
[Result "0-1"]
[WhiteElo "1523"]
[BlackElo "1735"]
[PlyCount "106"]
[EventDate "2024.07.27"]
[EventType "swiss"]
[EventRounds "9"]
[EventCountry "GBR"]
[SourceTitle "BritBase"]
[Source "John Saunders"]
[SourceDate "2025.02.20"]
[SourceVersion "1"]
[SourceVersionDate "2025.02.20"]
[SourceQuality "1"]

1. e4 e5 2. Nf3 Nc6 3. Bb5 Nf6 4. O-O Nxe4 5. Re1 Nd6 6. Nxe5 Be7 7. Bf1 O-O 8. d4 Nf5 9. d5 Nxe5 10. Rxe5 d6 11. Re1 Bf6 12. h3 Bd7 13. Nd2 Re8 14. Rxe8+ Qxe8 15. Bd3 Qe7 16. Nf3 Nh4 17. Bd2 Ng6 18. c4 Ne5 19. Nxe5 Bxe5 20. Qf3 Bxb2 21. Rb1 Qe5 22. Qe4 Qxe4 23. Bxe4 Bd4 24. Be3 Bxe3 25. fxe3 Re8 26. Bf3 b6 27. e4 Ba4 28. Rb2 Bd7 29. Kf2 f5 30. exf5 Bxf5 31. Rb3 Kf7 32. Rc3 g6 33. Rb3 a5 34. Rc3 h5 35. Rb3 h4 36. Rc3 Kf6 37. Rb3 Kg5 38. Rc3 Kf4 39. Rb3 Re5 40. Rc3 g5 41. a3 g4 42. hxg4 Bxg4 43. Bxg4 Kxg4 44. Rd3 Re4 45. Rc3 Kf4 46. Rh3 Ke5 47. Rc3 Kd4 48. Rc1 Kc5 49. Kf3 Rxc4 50. Rxc4+ Kxc4 51. Kg4 b5 52. Kxh4 b4 53. g4 bxa3 0-1

[Event "GBR-ch110 Major Open"]
[Site "Hull"]
[Date "2024.07.30"]
[Round "4.54"]
[White "Ba, Amy"]
[Black "Mittal, Advik"]
[Result "0-1"]
[WhiteElo "1471"]
[BlackElo "1619"]
[PlyCount "118"]
[EventDate "2024.07.27"]
[EventType "swiss"]
[EventRounds "9"]
[EventCountry "GBR"]
[SourceTitle "BritBase"]
[Source "John Saunders"]
[SourceDate "2025.02.20"]
[SourceVersion "1"]
[SourceVersionDate "2025.02.20"]
[SourceQuality "1"]

1. e4 e5 2. Nf3 Nc6 3. d4 exd4 4. Nxd4 Bc5 5. Be3 Qf6 6. c3 d6 7. Bc4 Qg6 8. O-O Ne5 9. Bd3 Bh3 10. g3 Bxf1 11. Kxf1 Bxd4 12. cxd4 Nxd3 13. Qxd3 c6 14. Nc3 Nf6 15. Rd1 Ng4 16. h3 Nxe3+ 17. Qxe3 O-O 18. Qf4 Rad8 19. Re1 Rfe8 20. h4 Qe6 21. Re3 Qc4+ 22. Kg2 Qxd4 23. Rf3 f6 24. Re3 Qe5 25. Qf3 b5 26. a3 a5 27. Qe2 Qc5 28. Qd3 b4 29. axb4 axb4 30. Ne2 d5 31. exd5 Rxe3 32. fxe3 Qxd5+ 33. Qxd5+ Rxd5 34. Kf3 Rd2 35. b3 Rb2 36. Nd4 c5 37. Ne6 Rxb3 38. Nxc5 Rc3 39. Na4 Ra3 40. Nc5 b3 41. Nxb3 Rxb3 42. Kf4 Rb1 43. e4 Rf1+ 44. Ke3 Re1+ 45. Kf4 Kf7 46. g4 g5+ 47. hxg5 fxg5+ 48. Kxg5 Rxe4 49. Kh5 h6 50. Kh4 Kg6 51. Kh3 Kg5 52. Kh2 Rxg4 53. Kh3 Kf4 54. Kh2 Kf3 55. Kh3 h5 56. Kh2 Rg3 57. Kh1 Kf2 58. Kh2 h4 59. Kh1 Rh3# 0-1

[Event "GBR-ch110 Major Open"]
[Site "Hull"]
[Date "2024.07.30"]
[Round "4.55"]
[White "Saxena, Advik"]
[Black "Kulibaev, Richard"]
[Result "1-0"]
[WhiteElo "1666"]
[BlackElo "1213"]
[PlyCount "77"]
[EventDate "2024.07.27"]
[EventType "swiss"]
[EventRounds "9"]
[EventCountry "GBR"]
[SourceTitle "BritBase"]
[Source "John Saunders"]
[SourceDate "2025.02.20"]
[SourceVersion "1"]
[SourceVersionDate "2025.02.20"]
[SourceQuality "1"]

1. e4 e5 2. Nf3 Nc6 3. Bc4 Nf6 4. d3 d5 5. exd5 Nxd5 6. c3 Nb6 7. Bb3 Bc5 8. Be3 Bxe3 9. fxe3 Bg4 10. O-O O-O 11. h3 Bxf3 12. Rxf3 Qe7 13. d4 Rad8 14. Nd2 e4 15. Rf4 Na5 16. Rxe4 Qg5 17. Re5 Qxe5 18. dxe5 Nbc4 19. Bxc4 Nxc4 20. Nxc4 Rxd1+ 21. Rxd1 h6 22. Rd7 Rc8 23. Na5 b6 24. Nc6 a5 25. Ne7+ Kf8 26. Nxc8 Ke8 27. Rxc7 Kd8 28. Rxf7 Kxc8 29. Rxg7 Kd8 30. e6 Ke8 31. Rb7 a4 32. c4 Kd8 33. e7+ Ke8 34. Kf2 b5 35. c5 b4 36. c6 a3 37. c7 Kd7 38. e8=Q+ Kxe8 39. c8=Q# 1-0

[Event "GBR-ch110 Major Open"]
[Site "Hull"]
[Date "2024.07.31"]
[Round "5.1"]
[White "Price, Gwilym T"]
[Black "Yoon, Jacob D"]
[Result "1/2-1/2"]
[WhiteElo "2217"]
[BlackElo "2118"]
[PlyCount "43"]
[EventDate "2024.07.27"]
[EventType "swiss"]
[EventRounds "9"]
[EventCountry "GBR"]
[SourceTitle "BritBase"]
[Source "John Saunders"]
[SourceDate "2025.02.20"]
[SourceVersion "1"]
[SourceVersionDate "2025.02.20"]
[SourceQuality "1"]

1. e4 c6 2. d4 d5 3. e5 c5 4. dxc5 e6 5. Be3 Nd7 6. Nf3 Bxc5 7. Bxc5 Nxc5 8. Qd4 Qb6 9. Nbd2 Ne7 10. Nb3 Nxb3 11. axb3 Qxd4 12. Nxd4 Ng6 13. Nf3 f6 14. exf6 gxf6 15. g3 Bd7 16. Bg2 e5 17. O-O Bc6 18. c3 Kf7 19. Rfd1 Rhd8 20. Ne1 f5 21. h4 Kf6 22. Nd3 1/2-1/2

[Event "GBR-ch110 Major Open"]
[Site "Hull"]
[Date "2024.07.31"]
[Round "5.2"]
[White "Wills, Thomas"]
[Black "Fava, Lorenzo"]
[Result "0-1"]
[WhiteElo "1927"]
[BlackElo "2161"]
[PlyCount "80"]
[EventDate "2024.07.27"]
[EventType "swiss"]
[EventRounds "9"]
[EventCountry "GBR"]
[SourceTitle "BritBase"]
[Source "John Saunders"]
[SourceDate "2025.02.20"]
[SourceVersion "1"]
[SourceVersionDate "2025.02.20"]
[SourceQuality "1"]

1. Nf3 g6 2. e4 Bg7 3. d4 d6 4. Bc4 a6 5. a4 e6 6. Bb3 b6 7. O-O Bb7 8. Re1 Ne7 9. c3 Nd7 10. Nbd2 O-O 11. Nf1 c5 12. Ng3 e5 13. dxe5 Nxe5 14. Nxe5 dxe5 15. Bg5 Qc7 16. Qf3 Rac8 17. Rad1 Bc6 18. Qd3 b5 19. Qd6 Qxd6 20. Rxd6 Rfe8 21. Bxe7 Rxe7 22. Bd5 Rec7 23. Nf1 Bh6 24. axb5 axb5 25. Bxc6 Rxc6 26. Rd5 Ra6 27. f3 Ra2 28. Re2 b4 29. c4 Bc1 30. Kf2 Rxb2 31. Rxe5 b3 32. Rxb2 Bxb2 33. Rd5 Bc1 34. Nd2 b2 35. Nb1 Ra8 36. Ke2 Ra1 37. Nc3 b1=Q 38. Nxb1 Rxb1 39. Rxc5 Rb2+ 40. Kf1 Be3 0-1